Open Data Biblioteca Nacional de Portugal


República Portuguesa: Ministério da Cultura
Biblioteca Nacional de Portugal

Catálogo da BNP: acesso por Identificadores Unívocos
Registos Bibliográficos associados ao registo de autoridade

Etiqueta de registo: 00254nam 2200025 450
001 2286607
003 http://id.bnportugal.gov.pt/bib/catbnp/2286607
021 ## $aPT$b559755/26
100 ## $a20260521d2025 m y0pory01030103ba
101 0# $apor$aeng
102 ## $aPT
105 ## $aa z 000yy
106 ## $ar
200 1# $aHost Douro$etomorrow's harvest$ftextos e ed. Rafael Tonon$gfot. Álvaro Martino$gtrad. Soraia Martins
210 #9 $a[S.l.$cs.n.],$dcop. 2025$g(Orgal Impressores)
215 ## $a95, [1] p.$cil.$d25 cm
305 ## $aEd. bilingue em português e inglês
700 #1 $aTonon,$bRafael,$f1982-$31842737
702 #1 $aMartino,$bÁlvaro$4600$31967142
702 #1 $aMartins,$bSoraia$4730$31709833
801 #0 $aPT$bBN$gRPC
966 ## $lBN$mFGMON$x1
971 ## $casantos$d20260521

Etiqueta de registo: 00000nas 2200025 450
001 2097487
003 http://id.bnportugal.gov.pt/bib/catbnp/2097487
011 ## $a2795-5095
021 ## $aPT$b501092/22
100 ## $a20220412a20229999k y0pory01030103ba
101 0# $apor$aeng
102 ## $aPT
106 ## $ar
110 ## $aaiazz 0uu0
200 1# $aFarta$fAnother Collective$ged. Rafael Tonon
207 #0 $aNº 1 (2022)-
210 #9 $a[Matosinhos]$cAnother Collective,$d2022-
215 ## $d26 cm
305 ## $aEd. bilingue em português e inglês
326 ## $aQuadrimestral
530 1# $aFarta$b(Matosinhos)
620 ## $aMatosinhos
675 ## $a641.56(469)(051)$vBN$zpor$31667631
702 #1 $aTonon,$bRafael,$f1982-$31842737
712 02 $aAnother Collective$4650$31842735
801 #0 $aPT$bBN$gRPC
802 ## $a18
856 41 $uhttp://rnod.bnportugal.gov.pt/ImagesBN/winlibimg.aspx?skey=&doc=2097487&img=172302&save=true
900 ## $aBIBNAC$d20230110
966 ## $lBN$mFGREV$sP.P. 33729 V.$x1
971 ## $clrevez$d20220412
972 ## $e0$z0$d20230110$viquintas
973 ## $cigoulao$d20230110
974 ## $d20230110$e0$vaalmeid
975 ## $e0$d20220525$visabelm

OpendataBNP@bnportugal.pt | Mais informação sobre acesso aos dados BNP